000 00951nam a22003137a 4500
001 BR0405072
003 BR-BrBNA
005 20230928101741.0
007 ta
008 230509b bl.||||| |||| 00| 0 por d
040 _aBR-BrBNA
_bpor
_cBiblioteca Nacional de Agricultura
041 _a(Por)
072 _aF01
_b0334
090 _ 0334 BR0405072
110 1 _aEmpresa de Assistência Técnica e Extensão Rural do Rio Grande do Sul, Porto Alegre (Brasil)
110 1 _aAssociação Sulina de Crédito e Assistência Rural, Porto Alegre, RS (Brasil)
245 1 _aCanola; informações práticas para o cultivo
260 3 _aPorto Alegre. RS (Brasil):
_c2003.
300 _a12 p.
500 _a6 illus.
650 _aCOLZA
650 _aPRÁTICA CULTURAL
650 _aMANEJO DO SOLO
650 _aADUBAÇÃO
650 _aCONTROLE CULTURAL
650 _aRIO GRANDE DO SUL
909 _a202309
_bLucia
_c55
_dLucia Elande
942 _cBK
999 _c67400
_d67400